Finančná kríza a jej vplyv na trh s realitami v podmienkach Slovenskej republiky

Vznik finančnej krízy a jej dôsledky na stredoeurópske krajiny. Situácia v Slovenskej a v Českej republike. Prognózy rastu HDP a deficitu verejných financií na rok 2009 v SR. Dopady krízy na realitný trh. Čo ďalej - aká bude budúcnosť.

Salvato in:
Dettagli Bibliografici
Autore principale: Kardoš, Peter
Altri autori: Jakubec, Miroslav
Natura: Capitolo di libro
Lingua:slovacco
Soggetti:
Tags: Aggiungi Tag
Nessun Tag, puoi essere il primo ad aggiungerne!!

MARC

LEADER 00000naa$a2200000$$$4500
001 0092574
005 20240502072031.7
041 0 |a slo 
044 |a SK 
245 1 0 |a Finančná kríza a jej vplyv na trh s realitami v podmienkach Slovenskej republiky  |c Peter Kardoš, Miroslav Jakubec 
520 |a Vznik finančnej krízy a jej dôsledky na stredoeurópske krajiny. Situácia v Slovenskej a v Českej republike. Prognózy rastu HDP a deficitu verejných financií na rok 2009 v SR. Dopady krízy na realitný trh. Čo ďalej - aká bude budúcnosť. 
610 2 0 |a kríza finančná 
610 2 0 |a kríza hospodárska 
610 2 0 |a nehnuteľnosti 
610 2 0 |a ceny 
610 2 0 |a stavebníctvo 
610 2 0 |a nezamestnanosť 
610 2 0 |a produkt domáci hrubý 
610 2 0 |a Slovensko 
610 2 0 |a Česko 
100 1 |a Kardoš, Peter 
700 1 |a Jakubec, Miroslav